000 00637nam a2200205 4500
001 80875
003 BD-RjUL
005 20221204102145.0
008 221204s1955 u ||||| |||| 00| 0 ara d
035 _a(BD-RjUL)80875
040 _aBD-RjUL
_beng
_cBD-RjUL
041 _aara
082 _223
_a335.4
_bHAW 1955
100 _aḤakīm, M. حكيم، م
_96116
245 1 0 _aوجه الشيوعية / Wajh al-shuyūʻīyah /
_cم. حكيم., . / M. Ḥakīm., M. Ḥakīm
260 _a[Place not identified],
_b[Place of publication not identified],
_c1955
300 _a284 pages ;
_c24 cm
650 _aCommunism
942 _2ddc
_cBK
999 _c80875
_d80875